Los libros del conquistador
Uloženo v:
| Hlavní autor: | |
|---|---|
| Médium: | Kniha |
| Jazyk: | španělština |
| Vydáno: |
Ciudad de México
Fondo de Cultura Económica
1979
|
| Vydání: | 2a. ed |
| Edice: | Lengua y Estudios Literarios
|
| Témata: | |
| Tagy: |
Přidat tag
Žádné tagy, Buďte první, kdo vytvoří štítek k tomuto záznamu!
|
MARC
| LEADER | 00000nam a2200000 a 4500 | ||
|---|---|---|---|
| 001 | UCO9368 | ||
| 003 | CL-VaPUC | ||
| 008 | 010302e19790000MX |||||||||||||||||spa|d | ||
| 082 | 0 | 4 | |a 863 |b LEO |2 21 |
| 100 | |a Leonard, Irving A |e author |9 454463 | ||
| 245 | 1 | 4 | |a Los libros del conquistador |
| 250 | |a 2a. ed | ||
| 300 | |a 459 p | ||
| 942 | |c BK | ||
| 945 | |d 20010302 00:00:00 |a vberengu | ||
| 260 | |a Ciudad de México |b Fondo de Cultura Económica |c 1979 | ||
| 650 | 0 | |a Literatura española |9 306261 | |
| 650 | 7 | |a CONQUISTADORES |2 CL-VaPUC |9 454464 | |
| 650 | 0 | |a América colonial |9 446254 | |
| 650 | 0 | |a Descubrimiento y Conquista de América |9 446281 | |
| 651 | 0 | |a América |9 255182 | |
| 583 | |a last modification |c 20010302 00:00:00 |k Rodrigo Vera | ||
| 490 | 0 | |a Lengua y Estudios Literarios | |
| 999 | |c 293582 |d 293580 | ||
| 952 | |0 0 |1 0 |4 0 |6 863_000000000000000_LEO_1979 |7 0 |8 A |9 345203 |a FDOPOS |b FDOPOS |d 2019-11-20 |i 1231944 |o 863 LEO 1979 |p 1231944 |r 2025-01-22 |w 2019-11-20 |y BK |k MLH | ||